| 000 | 00649cam a2200289ua 4500 | ||
|---|---|---|---|
| 020 | _cRs.7.50 | ||
| 041 |
_aeng _h |
||
| 082 |
_a530 _bDAN/PR |
||
| 100 | _aDaniel, C J . | ||
| 245 | _aPre-degree physics | ||
| 250 |
_a1 / _b. |
||
| 260 |
_aErnamkulam : _bCo-operative publishers , _c1964. |
||
| 300 | _a ; . | ||
| 365 | _aRs.7.50 | ||
| 504 | _a | ||
| 700 | 1 | _aDaniel, P A . | |
| 700 | 1 | _aJohn, U V . | |
| 700 | 1 | _aPaul, P I . | |
| 942 | _cBK | ||
| 999 |
_c141 _d141 |
||